000 00459nam a2200181Ia 4500
001 4407
005 20260306145753.0
008 260306t2008||||xx |||||||||||||| ||spa||
041 _aESP
082 _a321.8
_bC24
100 _aCamacho, Luis Antonio
_eAUT
245 0 _aDesempeño del estado y sostenibilidad democrática en el Perú
260 _c2008
300 _a134 páginas :
_c21 cm.
650 _aGEN
654 _aCDE
942 _cLIB
_dJUS
_fJUS
_2ddc
_n
999 _c4407
_d4407